Which economic freedom contribute to growth? (Record no. 47721)

000 -LEADER
fixed length control field 00360pab a2200145 454500
008 - FIXED-LENGTH DATA ELEMENTS--GENERAL INFORMATION
fixed length control field 180718b2000 xxu||||| |||| 00| 0 eng d
100 ## - MAIN ENTRY--PERSONAL NAME
Personal name Heekelman, Jac C.
245 ## - TITLE STATEMENT
Title Which economic freedom contribute to growth?
260 ## - PUBLICATION, DISTRIBUTION, ETC.
Date of publication, distribution, etc. 2000
300 ## - PHYSICAL DESCRIPTION
Extent p.527-44
650 ## - SUBJECT ADDED ENTRY--TOPICAL TERM
Topical term or geographic name entry element Economic growth
700 ## - ADDED ENTRY--PERSONAL NAME
Personal name Stroup, Michael D.
773 ## - HOST ITEM ENTRY
Main entry heading Kyklos
909 ## -
-- 47721
Holdings
Withdrawn status Lost status Damaged status Not for loan Permanent Location Current Location Date acquired Serial Enumeration / chronology Barcode Date last seen Price effective from Koha item type
        Indian Institute of Public Administration Indian Institute of Public Administration 2018-07-19 Volume no: 53, Issue no: 4 AR48149 2018-07-19 2018-07-19 Articles

Powered by Koha